000 00334nam a2200133Ia 4500
008 240624s9999 xx 000 0 und d
041 _aeng
082 _a339.53 MIS
100 _aMISHKIN FREDERIC S
245 _aMONETARY POLICY STRATEGY
260 _c2007
_aNew Delhi
_bMIT Press
300 _ax, : 549 : p. : cm. ; 25
365 _c
_b36
999 _c9016
_d9016